1951 1483 1344 1407 1938 1901 1551 1093 1505 1670 1316 1830 1615 1225 1590 1505 1917 1257 1334 1713 1668 1285 1114 1377 1811 1756 1002 1991 1044 1752 1022 1174 1244 1199 1096 1849 1525 1984 1512 1258 1406 1450 1599 1026 1657 1278 1034 1619 1885 1858 1731 1747 1841 1895 1089 1676 1166 1905 1567 1410 1709 1904 1140 1021 1340 1007 1586 1325 1484 1779 1372 1069 1581 1304 1906 1371 1402 1357 1796 1568 1258 1206 1329 1270 1751 1386 1504 1661 1430 1232 1680 1950 1878 1623 1686 1810 1767 1788 1547 BCNSPRNW ULIB Ver.6.0+V

เปลี่ยนเป็นภาษาไทย

Change to English
 แสดงรายละเอียดบรรณานุกรม
  กลับหน้าหลัก

Brief Record : Get Marc (ISO 2709) : E-mail record : QR code < ปิดหน้าต่าง
LEADER : 00000nam 2200000uu 4500
001    13399113603
003     ULIB
008    111128s2550||||th 000 0 tha d
020    ^a9789748075846
090    ^aนว.^bง281อ 2550
100 0  รินจันทร์
245 00 ลำนำหัวใจ/^cรินจันทร์
250    ^aพิมพ์ครั้งที่ 1
260    ^aกรุงเทพฯ :^bลีลา,^c2550
300    ^a328 หน้า
710 1  ลีลา
945    ^p210^l0^i15318
995    ทศพร
999    ^aใช้งานได้ทุกระบบ
รายการนี้ยังไม่มีแท็ก
คุณยังไม่ได้ล็อกอิน คุณสามารถมีกิจกรรมร่วมกับเว็บไซต์ได้ แต่ต้องล็อกอินก่อน ::
  ล็อกอิน

รายการสื่อสารสนเทศ

ลำดับที่ ประเภท เลขเรียก/บาร์โค้ด สถานที่ สถานะ
1. นวนิยาย
นวนิยาย
นว. ง281อ 2550 ฉ.1 
  Barcode: 15318
ห้องสมุดวิทยาเขตสวรรค์ประชารักษ์
►นวนิยาย
บนชั้น
  ขอยืม

BibComment


ยังไม่เคยถูกคอมเมนท์

คอมเมนท์ทรัพยากรรายการนี้
  คอมเมนท์: ลำนำหัวใจ รินจันทร์


 Copyright 2026. Bcnsprnw @Library